Quizzes
Events
Quiz Creation
Community
Videos
Private Events
Remove Ads
Sign In
Join for FREE
Feedback
Dark Mode
Quiz Categories
Sports
Geography
Music
Movies
Television
Just For Fun
Miscellaneous
History
Literature
Language
Science
Gaming
Entertainment
Religion
Holiday
For Kids
Quiz Lab
Recent
Popular Today
Quiz Kudos Today
Editor Picks
Curator Picks
Quizzes by...
Day
Popularity
Type
Ratings
Length
Year
Community
Subscriptions
Recent Discussions
Orange Saloon
Badges
Playlists
Quests
Create
Leaderboards
Showdown
Live 5
Trivia Bingo
Activity
Puzzle Library
Sporcle Events
Private Events
Virtual Trivia
Globe League
Become a Host
Pub Owners
SporcleCon
Opinionation
Our Games
Videos
Blog
Mobile Apps
Partnerships
Remove Ads and Go Orange
Feedback
Sports
Athletes
MLB
NBA
NHL
NFL
Soccer
Sports Teams
WWE
NCAA
Football
Premier League
Basketball
Baseball
Hockey
Golf
Tennis
Cricket
Rugby
Auto Racing
Olympics
World Cup
Sports
Athletes
MLB
NBA
NHL
NFL
Soccer
Sports Teams
WWE
NCAA
Football
Premier League
Basketball
Baseball
Hockey
Golf
Tennis
Cricket
Rugby
Auto Racing
Olympics
World Cup
Random Quiz
Search Sporcle
×
Quiz Lab
Quiz Lab
Sports
MLB
Type in answers that appear in a list
Type in answers that appear in a list
Classic
Best Score? Go Orange.
Giants Position Players Since 2001 Stats
Can you name the Giants Position Players Since 2001?
By
JacobB1589
15m
143 Questions
47 Plays
47 Plays
47 Plays
Comments
Comments
Give Quiz Kudos
Give Quiz Kudos
-
- Ratings
hide this ad
More Info
Replay
Link that replays current quiz
Next Quiz
Link to next quiz in quiz playlist
You Got
0%
They Got
Avg Score
39%
Avg Friend Score
Upgrade to see
Score Distribution
Jump to the score distribution portion of the page
Score
0/143
Timer
15:00
0
Plays Today
Position(s)
Player
% Correct
OF
Barry Bonds
100%
2B
Jeff Kent
97.9%
C-
1B
Buster Posey
97.9%
3B
Pablo Sandoval
93.6%
2B
Freddy Sanchez
91.5%
C
Hector Sanchez
91.5%
OF
Alex Sanchez
91.5%
SS-
1B-
3B
Rich Aurilia
87.2%
1B-
OF
Brandon Belt
87.2%
C
Bengie Molina
85.1%
OF
Angel Pagan
80.9%
3B-
OF
Pedro Feliz
78.7%
1B
J.T. Snow
78.7%
OF
Andres Torres
78.7%
SS
Brandon Crawford
78.7%
C
Benito Santiago
76.6%
2B
Ray Durham
74.5%
1B-
OF
Aubrey Huff
74.5%
2B
Marco Scutaro
72.3%
OF
Hunter Pence
72.3%
3B
Russ Davis
72.3%
OF
Rajai Davis
72.3%
OF
Eric Davis
72.3%
OF
Cody Ross
68.1%
SS-
3B-
2B
Juan Uribe
66%
3B
David Bell
66%
OF
Randy Winn
63.8%
OF
Aaron Rowand
63.8%
SS
Edgar Renteria
63.8%
OF
Gregor Blanco
63.8%
OF
Kenny Lofton
63.8%
3B
Edgardo Alfonzo
61.7%
OF
Moises Alou
61.7%
C
Eliezer Alfonzo
61.7%
SS
Omar Vizquel
59.6%
OF
Fred Lewis
59.6%
C
Eli Whiteside
59.6%
1B
Brett Pill
59.6%
3B-
SS-
2B
Ramon Martinez
57.4%
OF
Melky Cabrera
57.4%
SS
Orlando Cabrera
57.4%
1B
Travis Ishikawa
55.3%
OF
John Vander Wal
55.3%
3B-
SS
Joaquin Arias
53.2%
OF
Marquis Grissom
51.1%
OF
Pat Burrell
51.1%
3B-
SS
Miguel Tejada
51.1%
3B
Bill Mueller
51.1%
Position(s)
Player
% Correct
OF
Juan Perez
50%
2B-
SS
Emmanuel Burriss
48.9%
SS-
2B
Neifi Perez
48.9%
2B
Ryan Theriot
48.9%
OF
Nate Schierholtz
46.8%
SS-
2B
Deivi Cruz
46.8%
OF
Jose Cruz Jr.
46.8%
OF
Reggie Sanders
46.8%
OF
Carlos Beltran
46.8%
C
Chris Stewart
46.8%
C
Mike Matheny
44.7%
OF
Marvin Benard
42.6%
OF
Dave Roberts
42.6%
2B
Eric Young
42.6%
C
Yorvit Torrealba
40.4%
C
A.J. Pierzynski
40.4%
1B
Ryan Klesko
40.4%
OF
Doug Clark
40.4%
C
Guillermo Quiroz
38.5%
2B-
SS
Mike Fontenot
38.3%
OF
Jose Guillen
38.3%
C
Guillermo Rodriguez
38.3%
OF
Steve Finley
36.2%
3B
Jose Castillo
36.2%
C
Alberto Castillo
36.2%
OF
Cole Gillespie
34.6%
2B-
OF
Eugenio Velez
34%
1B
Andres Galarraga
34%
OF
Armando Rios
34%
OF
Julio Ramirez
34%
2B-
SS
Kevin Frandsen
31.9%
1B
Mark Sweeney
31.9%
C
Todd Greene
31.9%
OF
Tom Goodwin
31.9%
OF
Jeff Francoeur
30.8%
OF
Tsuyoshi Shinjo
29.8%
OF
Calvin Murray
29.8%
OF
Ruben Rivera
29.8%
OF
Michael Tucker
27.7%
1B
Lance Niekro
27.7%
OF-
1B
Daniel Ortmeier
27.7%
2B
Bill Hall
27.7%
SS-
2B
Angel Chavez
27.7%
OF
Todd Linden
25.5%
OF
Shawon Dunston
25.5%
OF
Jeffrey Hammonds
25.5%
C
Bobby Estalella
25.5%
OF
Xavier Nady
25.5%
Position(s)
Player
% Correct
OF-
1B
John Bowker
23.4%
SS-
2B
Cody Ransom
23.4%
OF
Jason Ellison
21.3%
1B
Shea Hillenbrand
21.3%
3B
Conor Gillaspie
21.3%
2B
Tony Abreu
19.2%
2B-
3B
Nick Noonan
19.2%
OF-
3B
Mark DeRosa
19.1%
1B
Damon Minor
17%
2B-
SS-
1B
Jose Vizcaino
17%
OF
Darren Ford
17%
SS
Brian Bocock
14.9%
OF
Ricky Ledee
14.9%
2B
Jeff Keppinger
12.8%
1B
Ryan Garko
12.8%
OF
Justin Christian
12.8%
1B
Felipe Crespo
12.8%
OF
Tony Torcato
12.8%
OF-
1B
Francisco Santos
12.8%
1B
Chad Santos
12.8%
SS
Ehire Adrianza
11.5%
OF
Dustan Mohr
10.6%
SS
Ivan Ochoa
10.6%
C
Edwards Guzman
10.6%
C
Steve Holm
10.6%
3B
Ryan Rohlinger
10.6%
2B-
3B
Brian Dallimore
10.6%
1B
Scott McClain
10.6%
1B
Jesus Guzman
10.6%
OF
Dante Powell
10.6%
OF
Brian Horwitz
8.5%
C
Yamid Haad
8.5%
2B
Charlie Culberson
8.5%
C
Justin Knoedler
8.5%
OF
Jalai Leach
8.5%
SS-
OF
Luis Figueroa
8.5%
C
Trey Lunsford
8.5%
OF
Kensuke Tanaka
7.7%
2B
Travis Denker
6.4%
OF
Adam Shabala
6.4%
2B
Matt Downs
4.3%
SS
Tomas De La Rosa
4.3%
OF
Francisco Peguero
4.3%
OF
Carlos Valderrama
4.3%
OF
Clay Timpner
4.3%
OF
Roger Kieschnick
3.8%
C
Johnny Monell
3.8%
Quiz Playlist
Details
Report
Send in Message
Add To Playlist
More Info:
*Players are listed in order of at-bats.
Classic:
Type in answers that appear in a list
Quiz Source
Last Updated: Feb 16, 2017
Quiz Scoreboard
CHALLENGE
Sign Up to Join the Scoreboard
Show All
Scores
Hide
Comments
May contain spoilers
Recently Published
Movies - When Are They Set?
by FPL_Elf
Movies
5m
Popular People in 1961
by mucciniale
History
6m
1-10 Letter E Words III
by El_Dandy
Language
2m
More to Explore
Quiz From the Vault
Featured Blog Post
Where Did the Easter Bunny Come From?
hide this ad
You Might Also Like...
Tags
Baseball Quiz
MLB Quiz
San Francisco Giants
Today's Top Quizzes in Sports
Browse Sports
hide this ad
Today's Top Quizzes in MLB
Browse MLB
Top Contributed Quizzes in Sports
1
Les meilleurs buteurs des matchs entre le PSG et l’OM
2
Les entraîneurs de l'OM et du PSG au 21e siècle
3
FIFA Club World Cup Champions
4
2022 World Cup Stars
5
Name the Premier League winners with different clubs
6
La finale Lions - Afrique du Sud 2021
7
Criteria MLB: Left Handed Sluggers
8
Players with Multiple 50 Home Run Seasons
9
MLB Players with Two .350 Batting Average Seasons
10
MLB Hall of Famer by Rings
Explore More
Trending Topics
Harry Potter
Disney
Marvel
Crossword
Anime
NBA
Kpop
NFL
Puzzle
Country
The Office
Song
WWE
Pokémon
Soccer
hide this ad
More By:
JacobB1589
Quiz
Plays
Rating
Category
Featured
Created
Giants Pitchers Since 2001
32
5.00
Sports
Mar 1, 2013
Yankees Position Players Since 2001
789
4.17
Sports
Dec 6, 2012
Every Wrestler to Compete at an AEW PPV
360
5.00
Sports
Aug 5, 2021
Red Sox Position Players Since 2001
346
4.43
Sports
Oct 31, 2012
Yankees Pitchers Since 2001
319
4.50
Sports
Dec 6, 2012
Mets Position Players Since 2001
194
5.00
Sports
Feb 13, 2013
Go to Creator's Profile
Score Distribution
Quiz Creator Spotlight
JacobB1589
Follow
Send a Message
Quizzes Created
-
Created Quiz Play Count
-
More By This Creator
Popular Quizzes Today
1
Find the US States - No Outlines Minefield
2
Find the Countries of Europe - No Outlines Minefield
3
The Countries of the World
4
Popular People in 1961
5
1-10 Letter E Words III
6
US States
7
Find the US States
8
One Thing in Common: World Cities II
More Sports Quizzes
NFL 2020 Stat Leaders' Colleges
Quiz Lab
Trending Quizzes
Risky Map Clicking: Least Populous States A-Z
1-10 Letter F Words
1-10 Letter G Words
One Thing in Common: United Kingdom
Risky Map Clicking: Next State Alphabetically
Recently Updated
Leaping Animals
pecheneg
Reality TV Shows (A-Z)
bhenderson79
Rickey Henderson's Hall of Fame Teammates
pecheneg
Champions League XIs: Arsenal
pecheneg
Quick Pick: Celebrities in WWE's Hall of Fame
aduchscher
A-Z Keypad Blitz II
pecheneg
Multiple Oscar Actors
pecheneg
Mystery Phrase Blitz: Oscar 'Best Actors'
pecheneg
F. Scott Fitzgerald Novels
LTH
Pick 3 Villains
ddd62291
Trending Topics
Disney
Marvel
Anime
Crossword
NBA
Harry Potter
Kpop
Country
Song
NFL
The Office
Puzzle
Soccer
Pokémon
WWE
Your Account Isn't Verified!
In order to create a playlist on Sporcle, you need to verify the email address you used during registration. Go to your
Sporcle Settings
to finish the process.
Report this User
Report this user for behavior that violates our
Community Guidelines
.
Details:
Send Report
Go to the Sporcle.com Mobile Site →
Comments